00331nam a2200121Ia 4500008004100000041000800041082001500049100001300064245003800077260005100115300003200166365001100198240624s9999 xx 000 0 und d aeng a344.01 PUR aPURI S D aGUIDE TO THE TRADE UNION ACT 1926 c2008aMumbaibSnow White Publication Pvt. Ltd. axcii, : 518 : p. : cm. ; 24 cRSb15